000 00490nam a22001697a 4500
005 20251108163335.0
008 250721s1995 xx 000 0 ara d
082 1 4 _a133.4/حسا
100 1 _aعبد المنان، حسان
245 1 0 _aعلاقة الجان بالإنسان :
_bالأسطورة التي هوت /
264 1 _aعمان :
_bمكتبة برهومه،
_c1995.
300 _a199 ص
650 1 7 _aالسحر
650 1 7 _aالإسلام
942 _2ddc
_cBK
999 _c246
_d246